000 00771nam a2200217 a 4500
005 20210223125330.0
008 040310s2003 mx r 000 0 spa d
020 _a9682468612
035 _aUPN01000132587
049 _aCG
050 4 _aHD2755.5
_bD4.4
245 0 0 _aDel mercado protegido al mercado global :
_bMonterrey 1925-2000 /
_ccomp. Mario Cerutti.
260 _aMéxico :
_bTrillas :
_aUANL,
_c2003.
300 _a239 P. :
_bcuadros, gráfs.
650 4 _aCOMPETENCIA ECONOMICA INTERNACIONAL -
_zMEXICO
_92284
650 4 _aEMPRESAS INTERNACIONALES -
_zMEXICO
_92286
651 4 _aMONTERREY, NUEVO LEON -
_xCONDICIONES ECONOMICAS -
_ySIGLO XX
_92462
650 4 _aPROTECCIONISMO Y LIBRE CAMBIO
_92285
700 1 _aCerutti, Mario,
_ecomp.
_938107
905 _aLibro
999 _c104741
_d104741